000 00760nam a22002177a 4500
005 20230512221837.0
008 180411t xxu||||| |||| 00| 0 eng d
020 _a9780521132329
040 _cCSPC
082 0 _a428.4202491
_bOh15b
100 _aO'hara, Francis
_eauthor.
245 0 0 _aBe my guest :
_benglish for the hotel industry, Student book/
_cFrancis O'Hara
260 _aSingapore :
_bCambridge University Press,
_c2009.
300 _a112 pages :
_billustrations, figures;
_c28 cm.
650 1 0 _aEnglish language.
650 1 0 _aEnglish language
_xSpoken English.
940 _aLenie
942 _cBOOK
_jCIR 428.2402491 Oh15b 2009
999 _c3304
_d3304